Olympijské příběhy /
Soubor bezmála dvaceti olympijských příběhů z pera sportovního novináře Manfreda Strnada přináší vhled do událostí odehrávajících se na sportovních kolbištích, které ovlivnily historii českého a někdejšího československého sportu.
Uloženo v:
| Hlavní autor: | |
|---|---|
| Korporativní autor: | |
| Médium: | E-kniha |
| Jazyk: | Czech |
| Vydáno: |
Praha :
Euromedia Group,
2024
|
| Vydání: | Vydání první |
| Edice: | Universum (Euromedia Group)
|
| Témata: | |
| Tagy: |
Žádné tagy |
| LEADER | 03655cam a2200649 i 4500 | ||
|---|---|---|---|
| 001 | 312386 | ||
| 003 | CZ PrSKC | ||
| 005 | 20260601215722.0 | ||
| 007 | ta | ||
| 008 | 240606s2024 xr c g 000 jccze d | ||
| 015 | |a cnb003584633 | ||
| 020 | |a 9788024297699 |q (vázáno) | ||
| 035 | |a (OCoLC)1455301844 | ||
| 040 | |a CBA001 |b cze |d OLA001 |e rda | ||
| 043 | |a e-xr--- | ||
| 045 | |a x-y- | ||
| 072 | 7 | |a 796 |x Sport. Hry. Tělesná cvičení |2 Konspekt | |
| 072 | 7 | |a 929 |x Biografie |2 Konspekt | |
| 080 | |a 796.032.2.071.2 |2 MRF | ||
| 080 | |a 796.032.2.071.2-055.2 |2 MRF | ||
| 080 | |a 796.032.2 |2 MRF | ||
| 080 | |a 796.032.2:796/799 |2 MRF | ||
| 080 | |a 929 |2 MRF | ||
| 080 | |a (437.3) |2 MRF | ||
| 080 | |a (0:82-322.6) |2 MRF | ||
| 080 | |a (0:82-94) |2 MRF | ||
| 100 | 1 | |a Strnad, Manfred |7 jo20211120919 |4 aut | |
| 245 | 1 | 0 | |a Olympijské příběhy / |c Manfred Strnad |
| 250 | |a Vydání první | ||
| 264 | 1 | |a Praha : |b Euromedia Group, |c 2024 | |
| 300 | |a 283 stran : |b portréty (převážně barevné) ; |c 22 cm | ||
| 336 | |a text |b txt |2 rdacontent | ||
| 337 | |a bez média |b n |2 rdamedia | ||
| 338 | |a svazek |b nc |2 rdacarrier | ||
| 490 | 1 | |a Universum | |
| 500 | |a Na obálce pod názvem: Národní sportovní agentura | ||
| 520 | 2 | |a Soubor bezmála dvaceti olympijských příběhů z pera sportovního novináře Manfreda Strnada přináší vhled do událostí odehrávajících se na sportovních kolbištích, které ovlivnily historii českého a někdejšího československého sportu. |b Čtenáři mají možnost seznámit se s osudy a myšlenkami olympijských vítězů, ale také těch, kterým nebylo souzeno získat olympijskou medaili, byť se ve svém odvětví stali mistry světa. Jednou z takových osobností je i atletka Ludmila Formanová, která prozrazuje, jaké to bylo připravovat se pod vedením legendární Jarmily Kratochvílové. Od Ládi Vízka se dozvíme, nakolik si ve srovnání s evropskou medailí cení zlaté z olympijského fotbalového turnaje v Moskvě. Na osudu bikera Jaroslava Kulhavého spatříme, jak dokáže zranění nahlodat úspěšnou kariéru olympijského vítěze. Od trojnásobného mistra světa, kanoisty Martina Fuksy, zjistíme, jak složité je splnit úlohu favorita ve finálovém závodě olympijských her. Nakladatelská anotace. Kráceno. | |
| 648 | 7 | |a 20.-21. století |7 ch462155 |2 czenas | |
| 650 | 0 | 7 | |a olympionici |7 ph352447 |z Česko |y 20.-21. století |2 czenas |
| 650 | 0 | 7 | |a olympioničky |7 ph448238 |z Česko |y 20.-21. století |2 czenas |
| 650 | 0 | 7 | |a olympijské hry |7 ph115588 |y 20.-21. století |2 czenas |
| 650 | 0 | 7 | |a olympijské sporty |7 ph123732 |y 20.-21. století |2 czenas |
| 650 | 0 | 9 | |a Olympic sportsmen |z Czechia |y 20th-21st centuries |2 eczenas |
| 650 | 0 | 9 | |a Olympic sportswomen |z Czechia |y 20th-21st centuries |2 eczenas |
| 650 | 0 | 9 | |a Olympic Games |y 20th-21st centuries |2 eczenas |
| 650 | 0 | 9 | |a olympic sports |y 20th-21st centuries |2 eczenas |
| 655 | 7 | |a biografické příběhy |7 fd131953 |2 czenas | |
| 655 | 7 | |a medailony |7 fd185951 |2 czenas | |
| 655 | 9 | |a biographical stories |2 eczenas | |
| 655 | 9 | |a biographical portraits |2 eczenas | |
| 710 | 1 | |a Česko. |b Národní sportovní agentura |7 xx0305623 |4 res | |
| 830 | 0 | |a Universum (Euromedia Group) | |
| 900 | |a ABA001 |b 19 | ||
| 044 | |a xr | ||
| 910 | |a RBIT002 | ||
| 998 | |d 404924 |a https://core.palmknihy.cz/api/books/404924/cover?she8a3 |b https://core.palmknihy.cz/api/books/404924/cover/400?she8a3 |c https://core.palmknihy.cz/api/books/404924/cover/50?she8a3 |e 2030-08-22 |g 288 |i 9788024297699 |j https://core.palmknihy.cz/api/books/404924/preview.epub |l |q 49 |r 1 |s https://www.palmknihy.cz/kniha/404924 |t ebook |y 2024 |z 0 | ||
| 999 | |d 312384 | ||